000 00816nam a2200229Ii 4500
003 JO-AjNU
008 230605s9999||||xx |||||||||||||| ||und||
017 _a2001/14984
020 _a977-5283-70-1
040 _aJO-AjNU
_bara
_erda
_cJO-AjNU
041 _aara
050 1 4 _aBP173.6.U43 2002
100 3 _aعكاشة، محمود,
_eauthor
_914615
245 0 0 _aتاريخ الحكم في الإسلام: دراسة في مفهوم الحكم وتطوره
250 _aط1
264 3 1 _aالقاهرة: مؤسسة المختار للنشر والتوزيع، 2002
300 _a292ص
336 _atext
_btxt
_2rdacontent
337 _aunmediated
_bn
_2rdamedia
338 _avolume
_bnc
_2rdacarrier
650 4 _aالخلافة- نظام الحكم في الاسلام- التاريخ الاسلامي
_914616
999 _aA3939
_c7507
_d7507